| 000 | 00678cab a2200217 4500 | ||
|---|---|---|---|
| 001 | WB2805-33 | ||
| 008 | 090401t1992 xxu||||| |||| 00| 0 eng d | ||
| 035 | _a(Sirsi) u19879 | ||
| 041 | _aeng | ||
| 245 | _aHome income deals | ||
| 260 | _c1992 | ||
| 350 | _a0 | ||
| 490 |
_aIndependent _v25 January 1992, 20(1) |
||
| 520 | _aLawyers acting for more than 1,200 home income plan victims have joined forces to bring a HC test case against the advisers, building societies and solicitors involved in the schemes. | ||
| 650 | _aBUILDING SOCIETIES | ||
| 650 | _aHOME INCOME PLANS | ||
| 650 | _aTEST CASE | ||
| 690 | _aHOUSING-FINANCE | ||
| 942 | _n0 | ||
| 948 | _c04/03/1997 | ||
| 999 |
_c13320 _d13320 |
||